[Event "RSA-chT U20"]
[Site "Boksburg"]
[Date "2018.01.05"]
[Round "3.3"]
[White "Roos, Lucas"]
[Black "Acar, Cameron Gavin"]
[Result "0-1"]
[WhiteElo "1779"]
[BlackElo "1259"]
[PlyCount "132"]
[EventDate "2018.01.04"]
[EventType "team-tourn"]
[EventRounds "7"]
[EventCountry "RSA"]
[SourceTitle "CBM 182 Extra"]
[Source "ChessBase"]
[SourceDate "2018.02.23"]
[SourceVersion "1"]
[SourceVersionDate "2018.02.23"]
[SourceQuality "1"]
[WhiteTeam "Tshwane U20"]
[BlackTeam "Nelson Mandela Bay U20"]
[WhiteTeamCountry "RSA"]
[BlackTeamCountry "RSA"]

1. e4 e5 2. Nf3 Nc6 3. Bb5 a6 4. Ba4 Nf6 5. d3 d6 6. c3 Be7 7. 0-0 0-0 8. Re1 b5 9. Bb3 Na5 10. Bc2 c5 11. Nbd2 Nc6 12. Nf1 h6 13. Ng3 Nh7 14. a4 b4 15. d4 exd4 16. cxd4 c4 17. Qe2 Na5 18. e5 d5 19. Nd2 Qb6 20. Qe3 Nc6 21. Nf3 b3 22. Bb1 Ng5 23. Nxg5 Bxg5 24. f4 Bh4 25. Rd1 Bxg3 26. hxg3 Bg4 27. Rd2 Rfe8 28. Qf2 g5 29. Kh1 Nb4 30. Qe3 f6 31. Qf2 Kg7 32. a5 Qe6 33. f5 Qc6 34. e6 Re7 35. Qe1 h5 36. Rf2 Qd6 37. Bxg5 Rb7 38. Bf4 Qe7 39. Bd2 Nc6 40. Qe3 Rh8 41. Kg1 Kf8 42. Qf4 Ke8 43. Kf1 Qf8 44. Ke1 Ke7 45. Rf1 Qd8 46. Rf2 Qd6 47. Qxd6+ Kxd6 48. Bf4+ Ke7 49. Rd2 h4 50. Kf2 h3 51. gxh3 Rxh3 52. Kg2 Ra7 53. Be3 Ra8 54. Bg1 Rah8 55. Kf1 Rxg3 56. Bh2 Bh3+ 57. Ke1 Rg2 58. Rxg2 Bxg2 59. Bg1 Rh4 60. Kf2 Bh1 61. Kg3 Rh7 62. Be3 Rg7+ 63. Kh2 Bf3 64. Kh3 Rg2 65. Bd3 cxd3 66. Rf1 Be4 0-1